Sakamoto Days Personnages par Images - Statistiques

Statistiques générales
  • Ce quiz a été pris 32 fois
  • Le résultat moyen est 16 sur 59
Statistiques - réponses
Par images Réponse % Correct
Shin Asakura
95%
Taro Sakamoto
95%
Kei Uzuki / Slur
77%
Shaotang Lu
77%
Yoichi Nagumo
77%
Piisuke
73%
Heisuke Mashimo
64%
Shishiba
64%
Aoi Sakamoto
59%
Gaku
55%
Hana Sakamoto
55%
Osaragi
55%
Akira Akao
50%
Rion Akao
50%
Takamura
50%
Natsuki Seba
45%
Jay Erk / Kill Baby
41%
Dump
32%
Hyo
32%
Mafuyu Seba
32%
Saw
32%
Apart
27%
Minimalist
27%
Carolina Reaper
23%
Club Jam
23%
Wutang Lu
23%
Bacho
18%
Boiled
18%
Joichiro Kaji
18%
Kashima
18%
Obiguro
18%
Uda
18%
Inoda
14%
Kanaguri
14%
Miya
14%
Nao Toramaru
14%
Shinaya
14%
Tanaka
14%
Asakura
9%
Iriya
9%
Mad Horiguchi
9%
Mizuno
9%
Takebe
9%
Tatsu
9%
Usami
9%
Atou
5%
Ishikawa
5%
Kurii Ningu
5%
Nakajima
5%
Namiki
5%
Noro
5%
Onigahara
5%
Son Hee
5%
Takamido
5%
Wang
5%
Yutaro
5%
Inoue
0%
Jumbo Tanishi
0%
Tada
0%
Aucun quiz correspondant
Distribution des résultats
% des personnes avec chaque résultat
Percentile par nombre de réponses
Votre historique - résultats
Vous n’avez pas pris ce quiz